000 00689nam a2200217Ia 4500
005 20260429112044.0
008 260429s9999||||xx |||||||||||||| ||und||
020 _a9781835885581
041 _aEnglish
082 _a005.276
_bCHE
100 _aChernenko, Mykyta
245 0 _aFull-stack web development with typescript 5 :
_bcraft modern full-stack projects with bun, PostgreSQL, svelte, typescript, and OpenAI /
_cMykyta Chernenko
250 _a1st ed.
260 _aBirmingham :
_bPackt Publishing,
_c2024.
300 _axviii, 253 p.; pbk
650 _a Full-stack development
650 _a PostgreSQL
650 _a TypeScript
650 _aWeb development
942 _cTB
999 _c52113
_d52113